Statistics for Crystal Palace all-time top appearances

Click here to take the quiz!

General Stats

  • This quiz has been taken 7 times
  • The average score is 5 of 10

Answer Stats

AppsNationalityPlayer% Correct
458Ivory Coast / EnglandWilfried Zaha
100%
358EnglandJoel Ward
80%
225GhanaJeffrey Schlupp
60%
405ArgentinaJulián Speroni
60%
306IrelandClinton Morrison
40%
317ScotlandDougie Freedman
40%
253ScotlandJames McArthur
40%
266EnglandDanny Butterfield
20%
246EnglandHayden Mullins
20%
232EnglandSimon Rodger
20%

Score Distribution

Percentile by Number Answered

Percent of People with Each Score

Your Score History

You have not taken this quiz